[Event "19th Pirc Open 2015"]
[Site "Maribor SLO"]
[Date "2015.06.30"]
[Round "7.4"]
[White "Naumkin,I"]
[Black "Sebenik,M"]
[Result "1/2-1/2"]
[WhiteElo "2421"]
[BlackElo "2512"]

1.d4 Nf6 2.c4 e6 3.Nf3 c5 4.d5 d6 5.Nc3 exd5 6.cxd5 g6 7.e4 Bg7 8.Be2 O-O
9.O-O Bg4 10.h3 Bxf3 11.Bxf3 a6 12.a4 Nbd7 13.Bf4 Qe7 14.a5 Rab8 15.Qc2 h5
16.Rfe1 Nh7 17.Qd2 Rfe8 18.Be2 Bd4 19.Bf1 Qf6 20.Ra3 Ne5 21.Kh1 g5 22.Be3 Ng6
23.Rb3 g4 24.Ne2 Rxe4 25.Nxd4 cxd4 26.Bh6 Rxe1 27.Qxe1 Ng5 28.Bxa6 gxh3 29.Bf1 hxg2+
30.Bxg2 Rc8 31.Qd2 Nh7 32.Rxb7 Ne5 33.Qf4 Qg6 34.Bh3 Ng4 35.Bxg4 hxg4 36.Rxf7 Qh5+
37.Kg1 Re8 38.Rg7+ Kh8 39.Qd2 Nf6 40.a6 d3 41.a7 Ne4 42.Qxd3 Ng5 43.Rxg5 Re1+
44.Kg2 Qh1+ 45.Kg3 Qg1+ 46.Kf4 Qxf2+ 47.Kxg4 Rg1+ 48.Kh5 Rh1+ 49.Kg6 Rxh6+
50.Kxh6 Qf6+ 51.Kh5 Qh6+ 52.Kg4 Qh4+ 53.Kf3 Qf2+ 54.Kg4 Qf4+ 55.Kh3 Qh2+
56.Kg4 Qf4+ 57.Kh5 Qh4+ 58.Kg6 Qh7+ 59.Kf6 Qf7+ 60.Kxf7  1/2-1/2

[Event "9th Varna Open 2015"]
[Site "Varna BUL"]
[Date "2015.06.30"]
[Round "5.4"]
[White "Nikolov,Sas"]
[Black "Ahmadzada,Ahmad"]
[Result "1-0"]
[WhiteElo "2353"]
[BlackElo "2025"]

1.d4 Nf6 2.c4 e6 3.Nc3 c5 4.d5 exd5 5.cxd5 d6 6.Nf3 a6 7.a4 g6 8.h3 Bg7 9.e4 O-O
10.Bd3 Re8 11.O-O Qc7 12.Bf4 c4 13.Bc2 Nfd7 14.Re1 b6 15.Qd2 Bb7 16.Rad1 Qc5
17.Nd4 Qb4 18.Qc1 Ne5 19.Be3 Nbd7 20.Na2 Qa5 21.f4 Nd3 22.Rxd3 cxd3 23.b4 dxc2
24.bxa5 Rxe4 25.Nxc2 Bxd5 26.Nab4 Bb7 27.Qd2 bxa5 28.Qxd6 Nf6 29.Nc6 Re6
30.Ne7+ Kh8 31.Qc7  1-0

[Event "21st Klatovy Open 2015"]
[Site "Klatovy CZE"]
[Date "2015.07.01"]
[Round "5.7"]
[White "Sodoma,J"]
[Black "Toman,Ondrej"]
[Result "1-0"]
[WhiteElo "2335"]
[BlackElo "2188"]

1.d4 Nf6 2.c4 c5 3.d5 e6 4.Nc3 exd5 5.cxd5 d6 6.Nf3 g6 7.Nd2 Bg7 8.e4 O-O
9.Be2 a6 10.a4 Nbd7 11.O-O h6 12.Qc2 Rb8 13.Nc4 Ne8 14.a5 b5 15.axb6 Nxb6
16.Na5 Qc7 17.Bf4 f5 18.exf5 Bxf5 19.Qd2 g5 20.Bg3 Nf6 21.Bd3 Bxd3 22.Qxd3 c4
23.Qg6 Qf7 24.Qxf7+ Rxf7 25.Nc6 Rc8 26.Nb4 Ra8 27.Ra5 Nc8 28.Rc1 Nh5 29.Ne4 Nxg3
30.hxg3 Bxb2 31.Rxc4 Be5 32.Rxa6 Rb8 33.Nc6 Rb1+ 34.Kh2 Nb6 35.Nxe5 dxe5
36.Rc6 Nxd5 37.Rxh6 Rb8 38.Rag6+ Rg7 39.Rxg5 Rxg5 40.Nxg5 Kg7 41.Re6 Nf6
42.f3 Rb5 43.g4 Ra5 44.Kg3 Rb5 45.Kh4 Ra5 46.Re7+ Kg6 47.Nf7 Nd5 48.Nxe5+ Kf6
49.Nc6 Ra2 50.g5+ Kg6 51.Re6+ Kf7 52.Nd8+ Kg7 53.g3 Ra8 54.Nc6 Ra3 55.Nd4 Ra4
56.Re4 Ra1 57.Kg4 Ra3 58.f4 Ra8 59.f5 Ra3 60.Ne6+ Kf7 61.Nd8+ Kg7 62.Re5 Rd3
63.Ne6+ Kf7 64.Nd8+ Kf8 65.Kh5 Rd1 66.f6 Rd3 67.Kg6 Nf4+ 68.gxf4 Rxd8 69.Ra5 Kg8
70.f5 Kf8 71.Ra7 Rb8 72.Rf7+ Kg8 73.Rg7+ Kf8 74.Rh7  1-0

[Event "Batumi Municipality Cup"]
[Site "Batumi GEO"]
[Date "2015.07.04"]
[Round "2.10"]
[White "Guseynov,A"]
[Black "Benidze,D"]
[Result "0-1"]
[WhiteElo "2255"]
[BlackElo "2465"]

1.d4 Nf6 2.c4 c5 3.d5 e6 4.Nc3 exd5 5.cxd5 d6 6.Nf3 g6 7.g3 Bg7 8.Bg2 O-O
9.O-O Nbd7 10.h3 Qe7 11.Nd2 a6 12.a4 Rb8 13.Nc4 Ne5 14.Na3 Nh5 15.Kh2 Bd7
16.a5 f5 17.f4 Nf7 18.e4 fxe4 19.Nxe4 Rbe8 20.Nc4 Bb5 21.Qb3 Qxe4 22.Bxe4 Rxe4
23.Ne3 Bxf1 24.Nxf1 Re2+ 25.Kg1 Ng5 26.fxg5 Re1 27.Bf4 Rxa1 28.Kg2 Rb1 29.Qe3 Rxb2+
30.Kh1 Be5 31.Nd2 Nxf4 32.gxf4 Rxf4 33.Nf3 c4 34.Kg1 Rb3  0-1

[Event "43rd Sparkassen Open"]
[Site "Dortmund GER"]
[Date "2015.07.04"]
[Round "8.27"]
[White "von Bargen,Lukas"]
[Black "Siemes,R"]
[Result "1-0"]
[WhiteElo "1880"]
[BlackElo "2090"]

1.d4 c5 2.d5 e6 3.c4 exd5 4.cxd5 d6 5.Nc3 Nf6 6.Nf3 g6 7.Bf4 a6 8.a4 Bg7
9.h3 O-O 10.e3 Qc7 11.Be2 Nbd7 12.O-O b6 13.Nd2 Rb8 14.Nc4 Ne8 15.Ne4 Be5
16.Nxe5 Nxe5 17.Bh6 f5 18.Bxf8 Kxf8 19.f4 Nf7 20.Nc3 Nf6 21.Bc4 Qe7 22.Qe2 a5
23.Qf3 Bd7 24.Rfe1 Re8 25.Bb3 Kg7 26.Bc2 Ne4 27.Rad1 h5 28.Kh2 Nh6 29.Bxe4 fxe4
30.Qf2 Nf5 31.g3 Nh6 32.Qg2 Bf5 33.Rh1 Rh8 34.Qe2 Qd7 35.Kg2 Qd8 36.Qa6 Rf8
37.Qc4 Re8 38.Kf2 Qc8 39.Nb5 Qd8 40.Qc3+ Kg8 41.Rdg1 Rf8 42.Ke2 Qd7 43.g4 hxg4
44.hxg4 Bxg4+ 45.Kd2 Kh7 46.Nxd6 Bf3 47.Qe5 Bxh1 48.Rxh1  1-0

[Event "42nd ch-IND w Chall 2015"]
[Site "Bhayandar IND"]
[Date "2015.07.05"]
[Round "5"]
[White "Priyanka,Nutakki"]
[Black "Soumya,Sw"]
[Result "1-0"]
[WhiteElo "2043"]
[BlackElo "2363"]

1.d4 Nf6 2.c4 c5 3.d5 e6 4.Nc3 exd5 5.cxd5 d6 6.Nf3 g6 7.Bf4 a6 8.a4 Bg7
9.e4 O-O 10.Be2 Bg4 11.Nd2 Bxe2 12.Qxe2 Nh5 13.Be3 Qf6 14.O-O Nd7 15.Nc4 Rab8
16.a5 Ne5 17.Nb6 Qe7 18.f4 Nd7 19.Nxd7 Qxd7 20.g4 Nf6 21.f5 Qe7 22.g5 Nxe4
23.f6 Nxf6 24.gxf6 Bxf6 25.Qf3 Bg7 26.Rae1 Qc7 27.Bf4 f5 28.Re6 Rbd8 29.Qg3 Qxa5
30.Bxd6 Rf7 31.Rfe1 Bd4+ 32.Kh1 c4 33.Re8+ Rxe8 34.Rxe8+ Kg7 35.Be5+ Bxe5
36.Qxe5+ Kh6 37.Qf4+ Kg7 38.Qd4+ Kh6 39.Re3 Qa1+ 40.Nd1 f4 41.Rf3 Kh5 42.Kg2 Rf5
43.d6 Qa4 44.Rh3+ Kg5 45.d7 Qc6+ 46.Rf3  1-0

[Event "Oceania Zonal 2015"]
[Site "Cammeray AUS"]
[Date "2015.07.05"]
[Round "2.14"]
[White "Wan,K"]
[Black "Chen,Pengyu"]
[Result "0-1"]
[WhiteElo "1934"]
[BlackElo "2247"]

1.d4 Nf6 2.c4 e6 3.Nf3 c5 4.d5 d6 5.Nc3 exd5 6.cxd5 g6 7.e4 a6 8.a4 Bg4 9.Be2 Bxf3
10.gxf3 Nbd7 11.Be3 Bg7 12.a5 O-O 13.f4 Re8 14.Qc2 Qe7 15.Bf3 Rac8 16.Qe2 Qd8
17.O-O h6 18.Rfe1 Nh7 19.Qc4 Qh4 20.Kh1 g5 21.Rg1 f5 22.Qa4 Ndf6 23.fxg5 Nxg5
24.Bxg5 hxg5 25.exf5 Qxf2 26.Raf1 Qxb2 27.Ne4 Nxe4 28.Bxe4 Bf6 29.Bf3 Re7
30.Rg2 Qb5 31.Qd1 Rce8 32.Rgg1 Re3 33.Bh5 R8e4 34.Bg6 Re2 35.Qb1 Rxh2+ 36.Kxh2 Qe2+
37.Rg2 Rh4+ 38.Kg1 Bd4+ 39.Rff2 Bxf2+ 40.Rxf2 Rg4+ 41.Kh1 Qxf2  0-1

[Event "42nd ch-IND w Chall 2015"]
[Site "Bhayandar IND"]
[Date "2015.07.06"]
[Round "6"]
[White "Priyamvada,K"]
[Black "Singh,Ne"]
[Result "1/2-1/2"]
[WhiteElo "1741"]
[BlackElo "2020"]

1.d4 Nf6 2.c4 c5 3.d5 e6 4.Nc3 exd5 5.cxd5 d6 6.Nf3 g6 7.Bf4 a6 8.a4 Bg7
9.e3 O-O 10.h3 Qa5 11.Nd2 Ne8 12.Be2 Nd7 13.O-O Rb8 14.Nc4 Qc7 15.Ne4 Ne5
16.Nexd6 Nxd6 17.Nxe5 b5 18.axb5 axb5 19.Qc1 c4 20.Nc6 Rb7 21.Ra8 Qd7 22.Rd1 f5
23.Qc2 Bf6 24.Nd4 Rb6 25.Ne6 Re8 26.Nd4 Bb7 27.Rxe8+ Qxe8 28.Nc6 Qd7 29.b3 Ba6
30.Qa2 cxb3 31.Qxb3  1/2-1/2

[Event "Batumi Municipality Cup"]
[Site "Batumi GEO"]
[Date "2015.07.07"]
[Round "6.3"]
[White "Hayrapetyan,Ho"]
[Black "Pantsulaia,L"]
[Result "1/2-1/2"]
[WhiteElo "2444"]
[BlackElo "2610"]

1.d4 Nf6 2.c4 c5 3.d5 e6 4.Nc3 exd5 5.cxd5 d6 6.Nf3 g6 7.Bf4 Bg7 8.Qa4+ Bd7
9.Qb3 Qc7 10.e3 Nh5 11.Bg5 h6 12.Bh4 g5 13.Bg3 O-O 14.Be2 Na6 15.Nd2 Nxg3
16.hxg3 Rab8 17.a4 Nb4 18.Nb5 Qd8 19.O-O Bf5 20.e4 Bg6 21.Nxa7 f5 22.exf5 Bxf5
23.Rac1 Qe8 24.Bc4 Qg6 25.Nb5 Rf7 26.g4 Bxg4 27.Rce1 Rd8 28.Ne4 Bf5 29.Nexd6 Rxd6
30.Nxd6 Qxd6 31.Re8+ Kh7 32.Qg3 Rd7 33.Bb5 Nc2 34.Bxd7 Qxd7 35.Qb8 Bd3 36.Rd1 Bg6
37.Re6 Nd4 38.Qd6 Qxa4 39.b3 Qxb3 40.Ree1 Qc4 41.Re7 Ne2+ 42.Kf1 Nf4+ 43.Kg1 Ne2+
44.Kf1 Ng3+ 45.Kg1 Nf5 46.Rxg7+ Nxg7 47.Qf6 Bc2 48.d6 Qe2 49.Rd5 Be4 50.d7 Bxd5
51.d8=Q Qd1+  1/2-1/2

[Event "Batumi Municipality Cup"]
[Site "Batumi GEO"]
[Date "2015.07.09"]
[Round "8.3"]
[White "Mikaelyan,A"]
[Black "Benidze,D"]
[Result "1-0"]
[WhiteElo "2436"]
[BlackElo "2465"]

1.d4 Nf6 2.Nf3 e6 3.c4 c5 4.d5 exd5 5.cxd5 d6 6.Nc3 g6 7.h3 Bg7 8.e4 O-O
9.Bd3 Re8 10.O-O a6 11.a4 Nbd7 12.Re1 Nh5 13.Bg5 Bf6 14.Be3 Ne5 15.Be2 Nxf3+
16.Bxf3 Ng7 17.Qd2 Bd7 18.Bf4 Be5 19.Bxe5 Rxe5 20.Be2 Qh4 21.f4 Re7 22.Bf3 Rae8
23.a5 Nf5 24.Ne2 Rxe4 25.Bxe4 Rxe4 26.Rf1 Bb5 27.Rf2 Bxe2 28.Rxe2 Rxf4 29.Re8+ Kg7
30.Qc3+ Nd4 31.Rf1 Rxf1+ 32.Kxf1 Qg5 33.Kg1 Qxd5 34.b4 Qf5 35.bxc5 dxc5 36.Qe3 Nc6
37.Qc3+ Nd4 38.Qe3 Qd5 39.Qc3 Qd7 40.Re5 f6 41.Re1 Qd6 42.Qd3 h5 43.Kh1 Qc7
44.Qc4 Nf5 45.Re8 Qf7 46.Qxf7+ Kxf7 47.Rc8 Nd4 48.Rc7+ Ke6 49.Rxb7 c4 50.Kg1 c3
51.Kf2 c2 52.Rc7 Kd6 53.Rc3 g5 54.Ke3 Kd5 55.Kd3 h4 56.Rc8  1-0

[Event "XXX Gniota Memorial Open"]
[Site "Police POL"]
[Date "2015.07.09"]
[Round "2.15"]
[White "Czuchnicki,A"]
[Black "Korbal,A"]
[Result "1-0"]
[WhiteElo "2022"]
[BlackElo "2099"]

1.d4 Nf6 2.c4 e6 3.Nf3 c5 4.d5 d6 5.Nc3 exd5 6.cxd5 g6 7.e4 Bg7 8.Be2 O-O
9.O-O Re8 10.Nd2 Na6 11.a4 Nc7 12.f4 a6 13.Bf3 Rb8 14.Nc4 b5 15.axb5 axb5
16.Na5 Bd7 17.e5 dxe5 18.d6 Na8 19.Nc6 Bxc6 20.Bxc6 Re6 21.fxe5 Nd7 22.Bd5 Nxe5
23.Bxe6 fxe6 24.Ne4 c4 25.Bg5 Qb6+ 26.Kh1 Qc6 27.Qe2 Nd7 28.Nf6+ Nxf6 29.Qxe6+ Kh8
30.Bxf6 Qe8 31.Bxg7+ Kxg7 32.Ra7+  1-0

[Event "12th South Wales Int 2015"]
[Site "Cardiff WLS"]
[Date "2015.07.11"]
[Round "1.1"]
[White "Nikolov,Mo"]
[Black "Gosling,B"]
[Result "1-0"]
[WhiteElo "2530"]
[BlackElo "1897"]

1.d4 Nf6 2.c4 e6 3.Nc3 c5 4.d5 exd5 5.cxd5 d6 6.Nf3 g6 7.Bf4 Bg7 8.Qa4+ Bd7
9.Qb3 Qc7 10.Nd2 O-O 11.Nc4 Ne8 12.e3 f5 13.Be2 a6 14.a4 h6 15.h4 Kh7 16.Qb6 Qxb6
17.Nxb6 Ra7 18.Nc4 Rf6 19.O-O Bf8 20.Rfb1 Rf7 21.b4 Bg7 22.Ra3 cxb4 23.Rxb4 Bxc3
24.Rxc3 a5 25.Rb1 Bxa4 26.Nb6 Bd7 27.Nc8 Bxc8 28.Rxc8 b5 29.Rxb8 Nc7 30.Bxd6 Nxd5
31.Be5  1-0

[Event "38th Barbera Open 2015"]
[Site "Barbera del Valles ESP"]
[Date "2015.07.12"]
[Round "9.4"]
[White "Arizmendi Martinez,J"]
[Black "Munoz Pantoja,M"]
[Result "1/2-1/2"]
[WhiteElo "2529"]
[BlackElo "2430"]

1.d4 c5 2.d5 Nf6 3.c4 e6 4.Nc3 exd5 5.cxd5 d6 6.Nf3 g6 7.Nd2 Nbd7 8.e4 a6
9.a4 Bg7 10.Be2 O-O 11.O-O Qc7 12.Ra3 Re8 13.Re1 b6 14.Bf1 Bb7 15.Nc4 Ne5
16.b3 Re7 17.f4 Nxc4 18.bxc4 Ne8 19.Bd3 Bd4+ 20.Kh1 Nf6 21.Qf3 Rae8 22.Bd2 Bc8
23.Raa1 Bg4 24.Qg3 Bd7 25.Qf3 Bg4 26.Qg3 Bd7 27.Qf3 Bg4 28.Qg3 Bd7 29.Qf3 Bg4
30.Qg3 Bd7  1/2-1/2

[Event "XXX Gniota Memorial Open"]
[Site "Police POL"]
[Date "2015.07.12"]
[Round "6.10"]
[White "Schmidt,Wl"]
[Black "Smieszek,W"]
[Result "1-0"]
[WhiteElo "2332"]
[BlackElo "2035"]

1.d4 Nf6 2.c4 c5 3.d5 e6 4.Nc3 exd5 5.cxd5 d6 6.Nf3 g6 7.Nd2 Nbd7 8.e4 Bg7
9.Be2 O-O 10.O-O Re8 11.a4 Ne5 12.Ra3 a6 13.Qc2 g5 14.Nd1 g4 15.Ne3 Ng6 16.Nec4 Ne5
17.Nxe5 Rxe5 18.Bd3 Rb8 19.Nc4 Rh5 20.Bf4 Ne8 21.a5 Qf6 22.Bg3 Bd7 23.Re1 Qe7
24.Qe2 Bf6 25.Rb3 Bh4 26.Rb6 Bxg3 27.fxg3 Bb5 28.Qxg4+ Rg5 29.Qh4 Bxc4 30.Bxc4 Qe5
31.Kh1 Rg6 32.Bxa6 Ra8 33.Bf1 Nf6 34.Qf4 Qd4 35.Rxb7 Rf8 36.e5 dxe5 37.Qxd4 exd4
38.Bd3 Rg5 39.d6 Ng4 40.Kg1 Ne3 41.Rb5 Rd5 42.Rc1 Rxd6 43.Rbxc5 Kg7 44.Rc8 Rdd8
45.Rxd8 Rxd8 46.b4 Nd5 47.Rc4 Ne3 48.Rc7 Nd5 49.Rb7 Rc8 50.a6 Rc3 51.a7 Ra3
52.Kf2 Kf6 53.Be4 Nc3 54.Bf3 Ra2+ 55.Ke1 d3 56.Rd7 d2+ 57.Rxd2 Rxa7 58.Rd6+ Ke5
59.Rd3 Na2 60.b5 Nb4 61.Rd8 Nc2+ 62.Kd2 Nd4 63.Rd5+  1-0

[Event "12th South Wales Int 2015"]
[Site "Cardiff WLS"]
[Date "2015.07.16"]
[Round "9.1"]
[White "Arkell,K"]
[Black "Petrov,Marij"]
[Result "1/2-1/2"]
[WhiteElo "2502"]
[BlackElo "2487"]

1.d4 Nf6 2.Nf3 c5 3.d5 e6 4.c4 exd5 5.cxd5 d6 6.Nc3 g6 7.g3 Bg7 8.Bg2 O-O
9.O-O a6 10.a4 Re8 11.Nd2 Nbd7 12.Nc4 Ne5 13.Nxe5 Rxe5 14.Bf4 Re8 15.Qc2 Ng4
16.h3 Ne5 17.Rab1 Qc7 18.Rfc1 Bd7 19.b4 b6 20.bxc5  1/2-1/2

[Event "Science Park Open A 2015"]
[Site "Amsterdam NED"]
[Date "2015.07.17"]
[Round "7.4"]
[White "Hopman,P"]
[Black "Blees,A"]
[Result "0-1"]
[WhiteElo "2390"]
[BlackElo "2380"]

1.d4 Nf6 2.c4 e6 3.Nf3 c5 4.d5 exd5 5.cxd5 d6 6.Nc3 g6 7.Nd2 Nbd7 8.e4 Bg7
9.Be2 O-O 10.O-O Re8 11.f4 a6 12.a4 Rb8 13.Kh1 Re7 14.e5 dxe5 15.Nc4 e4 16.f5 e3
17.d6 Re8 18.Nxe3 Ne5 19.h3 Bd7 20.Ned5 Nxd5 21.Nxd5 Bxf5 22.Nc7 Rf8 23.Bf4 c4
24.Qd5 Nd3 25.Qxc4 Nxf4 26.Qxf4 Bxb2 27.Ra2 Bg7 28.Bc4 Qd7 29.Re2 Kh8 30.Bd5 Rbd8
31.Bxb7 Qxd6 32.Bxa6 Qxf4 33.Rxf4 Rd7 34.Nb5 Ra8 35.Rf1 Bd3  0-1

[Event "7th St Louis GM Inv 2015"]
[Site "Saint Louis USA"]
[Date "2015.07.18"]
[Round "4.2"]
[White "Gorovets,A"]
[Black "Bregadze,L"]
[Result "1/2-1/2"]
[WhiteElo "2505"]
[BlackElo "2483"]

1.d4 Nf6 2.c4 e6 3.Nc3 c5 4.d5 exd5 5.cxd5 d6 6.Nf3 g6 7.h3 a6 8.a4 Bg7 9.e4 O-O
10.Bd3 Nbd7 11.O-O Ne8 12.Bg5 Bf6 13.Bf4 Qe7 14.Qd2 Rb8 15.Rfe1 Ne5 16.Nxe5 Bxe5
17.Bxe5 dxe5 18.a5 Bd7 19.Rac1 Nd6 20.Nd1 Rfc8 21.Ne3 Bb5 22.b3 b6 23.axb6 Rxb6
24.Qa5 Rcb8 25.Bb1 Bd7 26.Qxc5 Rxb3 27.Bc2 R3b4 28.Bd3 Qf6 29.Nc4 Nxc4 30.Bxc4 Rb2
31.Rc3 Rc8 32.Qa7 Rc7 33.Qa8+ Bc8 34.Rf3 Qd6 35.Bd3 Kg7 36.Ra1 Rb6 37.Bf1 Qd7
38.Bxa6 Ra7 39.Bxc8 Rxa8 40.Rxa8 Qc7 41.Ba6 f5 42.Rc8 Rb1+ 43.Kh2 Qa7 44.Bd3 Rb8
45.Rxb8 Qxb8 46.g3  1/2-1/2

[Event "3rd 4NCL Congress 2015"]
[Site "Birmingham ENG"]
[Date "2015.07.19"]
[Round "5.1"]
[White "Fodor,T jr"]
[Black "Jackson,J"]
[Result "1-0"]
[WhiteElo "2491"]
[BlackElo "2343"]

1.d4 Nf6 2.c4 c5 3.d5 e6 4.Nc3 exd5 5.cxd5 d6 6.Nf3 g6 7.Bf4 a6 8.a4 Bg7
9.e3 O-O 10.Be2 Nh5 11.Bg5 f6 12.Bh4 g5 13.Bg3 f5 14.Nd2 Nxg3 15.hxg3 Nd7
16.Qc2 Ne5 17.f4 Ng6 18.Nc4 Rb8 19.a5 Qe7 20.Rh5 h6 21.Kf2 Bd7 22.Na4 Rbe8
23.Nab6 Bb5 24.Rah1 Qf6 25.Rxh6 Bxh6 26.Rxh6 Re7 27.Rh5 gxf4 28.gxf4 Rg7
29.Qc3 Ne7 30.Qxf6 Rxf6 31.b3 Be8 32.Rh1 Kf8 33.Rh8+ Ng8 34.Nc8 Rd7 35.g4 fxg4
36.Bxg4 Rd8 37.Be6 Bf7 38.N8xd6 Bxe6 39.dxe6 Rxe6 40.Nxb7 Rc8 41.Kf3 Re7
42.Nbd6 Rb8 43.Rh5 Rc7 44.Rf5+ Kg7 45.Rg5+ Kf8 46.Nb6 Ke7 47.Ne4 Kf7 48.Nxc5 Re8
49.Nc4 Ra8 50.Ne5+ Ke7 51.Rg7+ Kd6 52.Ne4+  1-0

[Event "8th Paleochora Open 2015"]
[Site "Paleochora GRE"]
[Date "2015.07.19"]
[Round "4.15"]
[White "Banikas,H"]
[Black "Hagen,B"]
[Result "1-0"]
[WhiteElo "2628"]
[BlackElo "2045"]

1.d4 Nf6 2.c4 c5 3.d5 e6 4.Nf3 d6 5.Nc3 exd5 6.cxd5 g6 7.Bf4 a6 8.e4 b5 9.Qe2 Be7
10.Qc2 O-O 11.a4 b4 12.Nd1 Re8 13.Bd3 Nh5 14.Be3 Bf6 15.O-O Nd7 16.Nd2 Ne5
17.Be2 Ng4 18.Bxg4 Bxg4 19.Nc4 g5 20.f3 Bc8 21.Nf2 a5 22.Rac1 Ba6 23.Qd2 h6
24.Ng4 Bg7 25.Bf2 Nf4 26.Nge3 Qf6 27.Nf5 Rad8 28.b3 Bxc4 29.Rxc4 Qg6 30.Be3 Bc3
31.Qc2 Qh5 32.h4 Ng6 33.g4  1-0

[Event "30th Avoine Open 2015"]
[Site "Avoine FRA"]
[Date "2015.07.20"]
[Round "3.35"]
[White "Dessenne,F"]
[Black "Ribeiro,Ro"]
[Result "0-1"]
[WhiteElo "1971"]
[BlackElo "2222"]

1.Nf3 Nf6 2.d4 c5 3.d5 e6 4.c4 exd5 5.cxd5 d6 6.Nc3 g6 7.e4 Bg7 8.Be2 O-O
9.O-O a6 10.a4 Bg4 11.Nd2 Bxe2 12.Qxe2 Nbd7 13.a5 Re8 14.f3 Ne5 15.f4 Ned7
16.Qd3 Qe7 17.Re1 Rac8 18.Nc4 Ng4 19.g3 f5 20.Qe2 Bd4+ 21.Kg2 Ngf6 22.e5 dxe5
23.fxe5 Nxe5 24.Bg5 Qf8 25.Bxf6 Qxf6 26.d6 Qf7 27.Nxe5 Rxe5 28.Qf3 Rd8 29.Rxe5 Bxe5  0-1

[Event "8th Paleochora Open 2015"]
[Site "Paleochora GRE"]
[Date "2015.07.20"]
[Round "5.10"]
[White "Gareev,T"]
[Black "Paulet,I"]
[Result "1-0"]
[WhiteElo "2579"]
[BlackElo "2197"]

1.d4 Nf6 2.c4 c5 3.d5 e6 4.Nc3 exd5 5.cxd5 d6 6.Nf3 g6 7.Bf4 a6 8.Nd2 Nh5
9.Qa4+ Ke7 10.Qe4+ Kf6 11.Be5+ dxe5 12.Qh4+ g5 13.Qxh5 Kg7 14.h4 h6 15.Nf3 f6
16.e3 g4 17.Bd3 Be7 18.Qg6+ Kf8 19.d6 Qxd6 20.Bc4 Be6 21.Ne4 Qb6 22.Nxf6 Qb4+
23.Nd2 Bxc4 24.Qe8+ Kg7 25.Nh5+ Kh7 26.Qxe7+ Kg6 27.Nf4+ Kf5 28.e4+  1-0

[Event "30th Avoine Open 2015"]
[Site "Avoine FRA"]
[Date "2015.07.22"]
[Round "5.19"]
[White "Suez Panama,G"]
[Black "Stephan,V"]
[Result "0-1"]
[WhiteElo "2035"]
[BlackElo "2302"]

1.d4 Nf6 2.Nf3 e6 3.c4 c5 4.d5 d6 5.Nc3 exd5 6.cxd5 g6 7.g3 Bg7 8.Bg2 O-O
9.O-O Re8 10.Nd2 a6 11.a4 Nbd7 12.h3 Rb8 13.Nc4 Ne5 14.Na3 Nh5 15.Kh2 f5
16.f4 Nf7 17.Qd3 Bd7 18.Bf3 Nf6 19.Bd2 Qe7 20.Qc4 Ne4 21.Bxe4 fxe4 22.e3 h5
23.Be1 g5 24.Qe2 g4 25.Rb1 b5 26.axb5 axb5 27.Nd1 Nh6 28.h4 Qf7 29.b4 Qxd5
30.bxc5 dxc5 31.Nxb5 Qd3 32.Qxd3 exd3 33.Nbc3 Rxb1 34.Nxb1 Nf5 35.Bd2 Nd6
36.Nf2 Nc4 37.e4 Nxd2 38.Nxd2 Bd4 39.e5 Ra8 40.Nde4 Ra2 41.Nf6+ Kf7 42.Nxd7 Rxf2+
43.Rxf2 Bxf2 44.f5 d2 45.e6+ Ke7  0-1

[Event "ch-Francophonie 2015"]
[Site "Montreal CAN"]
[Date "2015.07.22"]
[Round "6.8"]
[White "Humphreys,M"]
[Black "Villegas,P"]
[Result "0-1"]
[WhiteElo "2207"]
[BlackElo "2323"]

1.d4 Nf6 2.c4 e6 3.Nf3 c5 4.d5 d6 5.Nc3 exd5 6.cxd5 g6 7.Bf4 a6 8.Nd2 b5
9.a4 b4 10.Nce4 Nxe4 11.Nxe4 Be7 12.h4 Bf5 13.Nd2 O-O 14.e3 Bc8 15.a5 Bxh4
16.Nc4 Be7 17.Bd3 Nd7 18.Nxd6 Bxd6 19.Bxd6 Re8 20.Bg3 Qg5 21.Qf3 Bb7 22.Bc4 Ne5
23.Bxe5 Rxe5 24.Rxh7 Kxh7 25.Qxf7+ Kh6 26.Qxb7 Rxe3+ 27.fxe3 Qxe3+ 28.Be2 Re8
29.Qxa6 Qg1+ 30.Kd2 Qxa1 31.Kc2 Re4 32.Bf3 b3+ 33.Kd3 Rd4+ 34.Ke2 Qxb2+  0-1

[Event "26th Czech Rapid G1 2015"]
[Site "Pardubice CZE"]
[Date "2015.07.23"]
[Round "9.13"]
[White "Zpevak,P"]
[Black "Jakubowski,K"]
[Result "1-0"]
[WhiteElo "2388"]
[BlackElo "2565"]

1.d4 Nf6 2.c4 e6 3.Nf3 c5 4.d5 exd5 5.cxd5 d6 6.Nc3 g6 7.e4 Bg7 8.Bg5 h6
9.Bh4 O-O 10.Nd2 Na6 11.Be2 Nc7 12.a4 Rb8 13.f4 Qe8 14.O-O b6 15.Qc2 Nh7
16.Nc4 Qd7 17.Rad1 Ba6 18.e5 Bxc4 19.Bxc4 dxe5 20.f5 gxf5 21.d6 Ne6 22.Qxf5 Rfd8
23.Bb5 Qb7 24.Nd5 Nhg5 25.Ne7+ Kh8 26.Bxg5 Nxg5 27.Bc6 Qa6 28.h4 Ne6 29.Be4  1-0

[Event "30th Avoine Open 2015"]
[Site "Avoine FRA"]
[Date "2015.07.24"]
[Round "7.28"]
[White "Suez Panama,G"]
[Black "Poignot,Q"]
[Result "1-0"]
[WhiteElo "2035"]
[BlackElo "2170"]

1.d4 Nf6 2.Nf3 e6 3.c4 c5 4.d5 exd5 5.cxd5 d6 6.Nc3 g6 7.g3 Bg7 8.Bg2 O-O
9.O-O Re8 10.Nd2 a6 11.a4 Nbd7 12.h3 Rb8 13.Nc4 Ne5 14.Na3 Nh5 15.e4 Bd7
16.a5 b5 17.axb6 Bb5 18.Naxb5 axb5 19.Nxb5 Qxb6 20.Na3 Qb3 21.g4 Nf6 22.Qxb3 Rxb3
23.Bf4 Nf3+ 24.Kh1 Nxe4 25.Nc4 Bd4 26.Nxd6 Nxd6 27.Bxd6 Bxb2 28.Ra4 Bd4 29.Bc7 Re2
30.d6 Ne5 31.Ra8+ Kg7 32.Re8 Rbb2 33.Re7 Kf8 34.d7 Nxd7 35.Rxd7 Rxf2 36.Rxf2 Rxf2
37.Bd6+ Kg7 38.g5 h6 39.h4 hxg5 40.hxg5 c4 41.Bg3  1-0

[Event "6th Terre degli Elimi"]
[Site "Erice ITA"]
[Date "2015.07.29"]
[Round "2.23"]
[White "Messina,R"]
[Black "Matsenko,V"]
[Result "0-1"]
[WhiteElo "1961"]
[BlackElo "2102"]

1.d4 Nf6 2.Nf3 e6 3.c4 c5 4.d5 exd5 5.cxd5 d6 6.Nc3 g6 7.e4 Bg7 8.Be2 O-O
9.O-O a6 10.a4 Re8 11.Nd2 Nbd7 12.f4 Nf8 13.Qc2 Bg4 14.Bd3 Nh5 15.Nc4 Bd4+
16.Be3 f5 17.e5 dxe5 18.fxe5 Bxe5 19.Nxe5 Rxe5 20.Bxc5 f4 21.Bd4 Re8 22.Qf2 Rc8
23.h3 Bf5 24.Bxf5 gxf5 25.Rfe1 Qg5 26.Qf3 Red8 27.Qe2 Rd7 28.a5 Rf7 29.d6 Rd8
30.Qe5 Ng6 31.Qe2 Nh4 32.Be5 f3 33.Qf2 Nxg2 34.Kh2 Nxe1 35.Rxe1 f4 36.Qxf3 Qg3+
37.Qxg3+ fxg3+ 38.Kg2 Rf2+ 39.Kg1 Nf4 40.Bxf4 Rxf4 41.Nd5 Rd4 42.d7 Kf8 43.Nc7 R8xd7
44.Ne6+ Kf7 45.Nxd4 Rxd4 46.Kg2 Rd2+ 47.Kxg3 Rxb2 48.Rc1 Rb5 49.Rc7+ Kg6
50.Kf4 h5 51.Rd7 Kf6 52.Rd6+ Ke7 53.Rh6 Kd7 54.Rh7+ Kc6 55.Rh6+ Kc7 56.Rh7+ Kb8
57.h4 Rxa5 58.Rg7 Rb5 59.Kg3 Ka7 60.Kf3 Kb6 61.Rg6+ Ka5 62.Ke3 b6 63.Kd3 Rc5
64.Kd4 Kb5 65.Rg5 a5 66.Kd3 a4 67.Rg1 a3 68.Rb1+ Ka4 69.Kd4 a2 70.Rxb6 Ra5
71.Kc4 a1=Q  0-1

[Event "6th Terre degli Elimi"]
[Site "Erice ITA"]
[Date "2015.07.31"]
[Round "5.15"]
[White "Sardo,G"]
[Black "Valguarnera,G"]
[Result "0-1"]
[WhiteElo "2211"]
[BlackElo "2079"]

1.d4 Nf6 2.c4 e6 3.Nf3 c5 4.d5 exd5 5.cxd5 d6 6.Nc3 g6 7.Nd2 Be7 8.e4 O-O
9.Be2 Nbd7 10.O-O Re8 11.a4 Bf8 12.f4 a6 13.Bf3 Rb8 14.Nc4 Qc7 15.e5 b5 16.axb5 axb5
17.Na5 dxe5 18.fxe5 Nxe5 19.Be2 Neg4 20.Bf4 Bd6 21.Qd2 Bxf4 22.Qxf4 Qxf4
23.Rxf4 b4 24.Bxg4 bxc3 25.Rxf6 cxb2 26.Rb1 Bxg4 27.Nc4 Re2 28.Rf2 Rxf2 29.Kxf2 Rb4
30.Ne3 Bf5 31.Nxf5 gxf5 32.Ke3 Kf8 33.Kd3 Ke7  0-1

[Event "TCh-TUR First League 2015"]
[Site "Konya TUR"]
[Date "2015.07.31"]
[Round "9.1"]
[White "Oksuz,A"]
[Black "Ataman,A"]
[Result "1/2-1/2"]
[WhiteElo "2130"]
[BlackElo "2208"]

1.d4 Nf6 2.c4 c5 3.d5 e6 4.Nc3 exd5 5.cxd5 d6 6.Nf3 g6 7.Bf4 a6 8.a4 Bg7
9.h3 O-O 10.e3 Qe7 11.Nd2 Nbd7 12.Be2 Ne5 13.O-O Nfd7 14.Re1 f5 15.Bh2 Nf6
16.Bf1 Nf7 17.e4 fxe4 18.Ndxe4 Qd8 19.Qb3 Nxe4 20.Rxe4 Bd4 21.Bg3 Ng5 22.Re2 Qf6
23.h4 Nf7 24.Ne4 Qd8 25.Kh1 Rb8 26.Nc3 Nh6 27.Rae1 Nf5 28.Re6 b5 29.axb5 axb5
30.Nxb5 Ba6 31.Qa4 Bxb5 32.Bxb5 Nxg3+ 33.fxg3 Be5 34.R1xe5 dxe5 35.d6 Qb6
36.Bc4 Kh8 37.b3 Ra8 38.Qd7 Ra7 39.Qb5 Qxb5 40.Bxb5 Rb7 41.Ba4 Rb6 42.Rxe5 Rxd6
43.Rxc5 Rd4 44.Rc4  1/2-1/2

[Event "ch-AUT 2015"]
[Site "Pinkafeld AUT"]
[Date "2015.08.01"]
[Round "8.6"]
[White "Schneider Zinner,H"]
[Black "Schnider,G"]
[Result "1-0"]
[WhiteElo "2379"]
[BlackElo "2334"]

1.d4 Nf6 2.c4 c5 3.d5 e6 4.Nc3 exd5 5.cxd5 d6 6.Nf3 g6 7.g3 Bg7 8.Bg2 O-O
9.O-O Re8 10.Bf4 a6 11.a4 Ne4 12.Nxe4 Rxe4 13.Nd2 Rxf4 14.gxf4 Bxb2 15.Rb1 Bc3
16.Ne4 Bb4 17.Rxb4 cxb4 18.Qd4 Nd7 19.Qxb4 f5 20.Nxd6 Qe7 21.a5 b6 22.axb6 Rb8
23.Rc1 Nxb6 24.Qc5 Bd7 25.e3 Kf8 26.Qc7 Qd8 27.Qc5 Qe7 28.Qc7 Qd8 29.Qc3 Kg8
30.Qe5 Qf8 31.Bf1 a5 32.Rb1 a4 33.Nc4 Re8 34.Qc7 Nxc4 35.Bxc4 Rd8 36.d6+ Kg7
37.Be6  1-0

[Event "24th Kavala Open 2015"]
[Site "Kavala GRE"]
[Date "2015.08.05"]
[Round "3.9"]
[White "Rychagov,A"]
[Black "Wallace,JP"]
[Result "1-0"]
[WhiteElo "2552"]
[BlackElo "2385"]

1.d4 Nf6 2.c4 e6 3.Nf3 c5 4.d5 d6 5.Nc3 exd5 6.cxd5 g6 7.Bf4 a6 8.a4 Bg7
9.h3 O-O 10.e3 Ne8 11.Be2 Nd7 12.O-O Qe7 13.Nd2 Ne5 14.Qb3 f5 15.Rae1 Nc7
16.a5 Rb8 17.Nc4 Nf7 18.Bh2 Bd7 19.Nb6 Na8 20.Nc4 Nc7 21.Bd3 Bb5 22.e4 Rfe8
23.e5 Rbd8 24.exd6 Qxe1 25.dxc7  1-0